000 00601nam a2200217Ia 4500
008 220216s9999 xx 000 0 und d
100 _aChallinor A.J.
245 0 _aCrops and climate change: Progress, trends and challenges in simulating impacts
260 _bJournal of Experimental Botany
_c2009
300 _a2775-2789
650 _aAdaptation
650 _aClimate change
650 _aCrops
650 _aModel integration
650 _aModelling frameworks
700 _aArnold Steve
700 _aEwert F.
700 _aFraser Evan
700 _aSimelton Elizabeth
942 _cJS
999 _c56557
_d56557